00345nam a2200109Ia 4500008004100000082002100041100002900062245004400091260003000135630001800165650005200183211122s9999||||xx |||||||||||||| ||und|| a894.812 1bPUT-K aPuthusseri, Ramachandran 0aKulasekhara Alvarute Perumal Thirumozhi bD c BooksaKottayamc2001 xGeneral Stack aMalayalam LiteraturevMalayalam PoetryMalayalam